From friends to foes (Record no. 118444)

MARC details
000 -LEADER
fixed length control field 00847cam a2200217 4500
001 - CONTROL NUMBER
control field X128299
008 - FIXED-LENGTH DATA ELEMENTS--GENERAL INFORMATION
fixed length control field 041214n2004 000 0 eng u
035 ## - SYSTEM CONTROL NUMBER
System control number (Sirsi) u128299
100 ## - MAIN ENTRY--PERSONAL NAME
Personal name Murdoch, S.
245 ## - TITLE STATEMENT
Title From friends to foes
260 ## - PUBLICATION, DISTRIBUTION, ETC.
Date of publication, distribution, etc. 2004
490 ## - SERIES STATEMENT
Series statement Estates Gazette
Volume/sequential designation (0450) 11 December 2004, 83(1)
520 ## - SUMMARY, ETC.
Summary, etc. Delay in seeking an injunction to stop building works can jeopardise a claimant's case as illustrated in "Bailey v Mortimer" ([2004] EWCA Civ 1514, [2004] PLSCS 249) unless it has warned the other party that it intended to take action. A mandatory injunction requiring demolition will be granted where damages would not constitute adequate remedy.
590 ## - LOCAL NOTE (RLIN)
Local note ABS
590 ## - LOCAL NOTE (RLIN)
Local note ABS
650 ## - SUBJECT ADDED ENTRY--TOPICAL TERM
Topical term or geographic name entry element INJUNCTIONS
650 ## - SUBJECT ADDED ENTRY--TOPICAL TERM
Topical term or geographic name entry element BUILDING WORKS
650 ## - SUBJECT ADDED ENTRY--TOPICAL TERM
Topical term or geographic name entry element BAILEY V MORTIMER
690 ## - LOCAL SUBJECT ADDED ENTRY--TOPICAL TERM (OCLC, RLIN)
Topical term or geographic name as entry element LAW
942 ## - ADDED ENTRY ELEMENTS (KOHA)
Suppress in OPAC 0
Holdings
Withdrawn status Lost status Source of classification or shelving scheme Damaged status Not for loan Home library Current library Shelving location Date acquired Total Checkouts Full call number Barcode Date last seen Copy number Price effective from Koha item type
    Dewey Decimal Classification     London London Journal article 14/12/2004   X128299 128299-1001 06/08/2019 1 06/08/2019 Journal article